| 000 | 00363cam a22001097a 4500 | ||
|---|---|---|---|
| 008 | 180718b1961 xxu||||| |||| 00| 0 eng d | ||
| 082 | _aY1603x5421 Ut8 | ||
| 245 | _aRules U.P. consolidation of holdings act | ||
| 260 |
_aAllahabad _bCentral Law Agency _c1961 |
||
| 300 | _a84p. | ||
| 650 | _aConsolidation of land holdings --Law and legislation --India --Uttar Pradesh | ||
| 999 |
_c441258 _d441258 |
||